000 00683cam a2200241 4500500
005 20260405003231.0
041 _afre
042 _adc
100 1 0 _aPortevin, Catherine
_eauthor
245 0 0 _aCeci tuera cela. Image, regard et capital
260 _c2021.
500 _a85
690 _aAnnie Le Brun
690 _aEsthétique
690 _aImage
690 _aImagination
690 _aRegard
690 _aselfie
690 _aSubversion
690 _aTechnologie
786 0 _nPhilosophie magazine | 147 | 3 | 2021-03-01 | p. 63-64 | 1951-1787
856 4 1 _uhttps://shs.cairn.info/magazine-philosophie-magazine-2021-3-page-63?lang=fr&redirect-ssocas=7080
999 _c2065597
_d2065597